000 00813nam a2200217Ii 4500
003 JO-AjNU
008 230605s9999||||xx |||||||||||||| ||und||
017 _a1998/5/694
040 _aJO-AjNU
_bara
_erda
_cJO-AjNU
041 _aara
050 1 4 _aKMM51.M34.1998
100 3 _a ملحم، احمد سالم ,
_eauthor
_946840
245 0 0 _aالشرح التطبيقي لقانون الأحوال الشخصية الاردني
250 _aط1
264 3 1 _aعمان : المطابع العسكرية ، 1998
300 _a338ص
_bيشتمل على المراجع ص(325-326)
336 _atext
_btxt
_2rdacontent
337 _aunmediated
_bn
_2rdamedia
338 _avolume
_bnc
_2rdacarrier
650 4 _aالعلوم الاجتماعية -- قانون الاحوال الشخصية -- الاردن
_946841
999 _aA20406
_c23974
_d23974